[Event "10. Lichtenberger Sommer"]
[Site "Berlin"]
[Date "2011.08.14"]
[Round "2.104"]
[White "Stiemerling, Karl-Heinz"]
[Black "Schrodt, Horst"]
[Result "0-1"]
[WhiteElo "1673"]
[BlackElo "1709"]
[PlyCount "116"]
[EventDate "2011.??.??"]
[WhiteTeam "vereinslos"]
[BlackTeam "SC Eintracht Berlin e.V."]

1. d4 d5 2. Nf3 c6 3. Bf4 Nf6 4. h3 Bf5 5. Nbd2 e6 6. Nh4 Bg6 7. Nxg6 hxg6 8.
g4 Nxg4 9. Bg3 Nf6 10. Bg2 c5 11. dxc5 Bxc5 12. e3 Nc6 13. c3 Rc8 14. Qa4 Qd7
15. O-O-O Ne7 16. Qxd7+ Nxd7 17. Nb3 Nf5 18. Bf4 a6 19. Nxc5 Nxc5 20. Be5 b5
21. Kb1 Nd7 22. Bf4 Nf6 23. f3 Nh4 24. Rd2 Rh5 25. Rf2 Nxg2 26. Rxg2 Rf5 27.
Rg5 Kd7 28. Rxf5 gxf5 29. Bg5 Nh7 30. Bf4 g6 31. h4 Nf6 32. Rd1 Rc4 33. Be5 Nh5
34. Bd4 Kd6 35. b3 Rc8 36. f4 Ng3 37. Be5+ Ke7 38. Kb2 Ne4 39. a3 f6 40. Bd4
Rh8 41. Rh1 g5 42. fxg5 Nxg5 43. Bxf6+ Kxf6 44. hxg5+ Kg7 45. Rxh8 Kxh8 46. Kc2
Kg7 47. Kd3 e5 48. c4 bxc4+ 49. bxc4 dxc4+ 50. Kxc4 Kg6 51. Kd5 e4 52. a4 Kxg5
53. Ke5 a5 54. Kd5 Kg4 55. Ke5 Kf3 56. Kd4 Kf2 57. Ke5 Kxe3 58. Kxf5 Kd3 0-1

[Event "10. Lichtenberger Sommer"]
[Site "Berlin"]
[Date "2011.08.14"]
[Round "2.105"]
[White "Bockelmann, Rolf"]
[Black "Heyne, Klaus"]
[Result "1-0"]
[WhiteElo "1820"]
[BlackElo "1477"]
[PlyCount "35"]
[EventDate "2011.??.??"]
[WhiteTeam "SV Senat (FV Schach)"]
[BlackTeam "SV Berolina Mitte e.V."]

1. e4 c5 2. d4 cxd4 3. c3 dxc3 4. Nxc3 a6 5. a4 e5 6. Nf3 d6 7. Bc4 Nf6 8. Ng5
Be6 9. Nxe6 fxe6 10. Bxe6 Qe7 11. Ba2 h6 12. Nd5 Nxd5 13. Bxd5 Nc6 14. Qh5+ Kd8
15. O-O Rb8 16. Be3 Nb4 17. Bb6+ Kc8 18. Rac1+ 1-0

[Event "10. Lichtenberger Sommer"]
[Site "Berlin"]
[Date "2011.08.14"]
[Round "2.107"]
[White "Schröder, Gert"]
[Black "Sube, Günter"]
[Result "0-1"]
[WhiteElo "1386"]
[BlackElo "1842"]
[PlyCount "52"]
[EventDate "2011.??.??"]
[WhiteTeam "SV Königsjäger Süd-West e.V."]
[BlackTeam "SV Bau-Union e.V."]

1. e4 e6 2. Nf3 d5 3. exd5 exd5 4. d4 Bd6 5. Qd3 Ne7 6. Bd2 c6 7. Be2 Bf5 8.
Qb3 Nd7 9. Be3 Nb6 10. c4 dxc4 11. Bxc4 Nxc4 12. Qxc4 Nd5 13. Ne5 Bxe5 14. Bd2
Bf6 15. O-O O-O 16. a4 Be6 17. Qd3 Qc7 18. b4 Rad8 19. g3 Bh3 20. Re1 Qd7 21.
Ra3 Rfe8 22. Rxe8+ Rxe8 23. Qc4 Qf5 24. Rb3 Qe4 25. f3 Bxd4+ 26. Kh1 Qe1+ 0-1

[Event "10. Lichtenberger Sommer"]
[Site "Berlin"]
[Date "2011.08.14"]
[Round "2.108"]
[White "Prix, Siegfried"]
[Black "Pilgrim, Wilfried"]
[Result "1-0"]
[WhiteElo "1782"]
[BlackElo "1463"]
[PlyCount "59"]
[EventDate "2011.??.??"]
[WhiteTeam "Sfrd. Berlin 1903 e.V."]
[BlackTeam "SC Kreuzberg e.V."]

1. d4 Nf6 2. c4 d5 3. Nc3 e6 4. Bg5 Be7 5. e3 Nc6 6. Nf3 Ne4 7. Bxe7 Qxe7 8.
Rc1 Bd7 9. Qc2 Nb4 10. Qb1 Ng5 11. Ne5 Bc8 12. f4 Ne4 13. Nxe4 dxe4 14. a3 Nc6
15. Nxc6 bxc6 16. Qxe4 Bb7 17. c5 f5 18. Qf3 O-O-O 19. Bc4 Kb8 20. Rc3 h5 21.
Rb3 Kc8 22. a4 e5 23. fxe5 Rdf8 24. h4 g5 25. g3 f4 26. exf4 gxf4 27. gxf4 Qh7
28. Be6+ Kb8 29. Qxc6 Qb1+ 30. Kd2 1-0

[Event "10. Lichtenberger Sommer"]
[Site "Berlin"]
[Date "2011.08.14"]
[Round "2.109"]
[White "Boeck, Ruediger"]
[Black "Sandbrand, Alexandru"]
[Result "1-0"]
[WhiteElo "1830"]
[BlackElo "1360"]
[PlyCount "39"]
[EventDate "2011.??.??"]
[WhiteTeam "SC Weisse Dame Ulm e.V."]
[BlackTeam "SK Tempelhof 1931 e.V."]

1. e4 e5 2. Nf3 Nc6 3. Bc4 Bc5 4. O-O Nf6 5. d3 d5 6. exd5 Nxd5 7. h3 O-O 8.
Ng5 Na5 9. Ne4 Nxc4 10. dxc4 Nf4 11. Qxd8 Rxd8 12. Bxf4 Bd4 13. c3 Bxf2+ 14.
Rxf2 Rd1+ 15. Rf1 Rxf1+ 16. Kxf1 exf4 17. Nbd2 Bf5 18. Re1 Rd8 19. Nf3 Re8 20.
Nf6+ 1-0

[Event "10. Lichtenberger Sommer"]
[Site "Berlin"]
[Date "2011.08.14"]
[Round "2.110"]
[White "Dittrich, Tom"]
[Black "Kujawa, Werner"]
[Result "1/2-1/2"]
[WhiteElo "1157"]
[BlackElo "1836"]
[PlyCount "48"]
[EventDate "2011.??.??"]
[WhiteTeam "SG Blau-Weiß Stadtilm"]
[BlackTeam "SV Motor Wildau e.V."]

1. Nc3 d5 2. e4 d4 3. Nce2 e5 4. Ng3 c5 5. Bc4 Nf6 6. d3 Be7 7. N1e2 O-O 8. O-O
Nc6 9. f4 a6 10. a4 Rb8 11. f5 Na5 12. Bg5 Nxc4 13. dxc4 Ng4 14. Bxe7 Qxe7 15.
Nf4 exf4 16. Qxg4 fxg3 17. Qxg3 Bxf5 18. exf5 Qe3+ 19. Qxe3 dxe3 20. Rae1 Rbd8
21. Rxe3 Rd2 22. Rf2 Rd1+ 23. Rf1 Rd2 24. Rf2 Rd1+ 1/2-1/2

[Event "10. Lichtenberger Sommer"]
[Site "Berlin"]
[Date "2011.08.14"]
[Round "2.111"]
[White "Lasschuit, Rene"]
[Black "Egert, Marcel"]
[Result "1-0"]
[WhiteElo "1862"]
[BlackElo "900"]
[PlyCount "71"]
[EventDate "2011.??.??"]
[WhiteTeam "vereinslos"]
[BlackTeam "vereinslos"]

1. d4 e6 2. Nf3 g6 3. e4 f6 4. Nc3 Bb4 5. Bd3 Bxc3+ 6. bxc3 Ne7 7. Bh6 c6 8.
O-O Ng8 9. Bf4 d6 10. Re1 h5 11. e5 Kf7 12. exd6 g5 13. Bc1 Qxd6 14. a4 a6 15.
Ba3 Qc7 16. Qe2 b5 17. g3 Rh6 18. Rad1 bxa4 19. c4 Qd7 20. d5 e5 21. dxc6 Nxc6
22. Bg6+ Rxg6 23. Rxd7+ Bxd7 24. Rb1 Rd8 25. Rb7 Nge7 26. c5 Bg4 27. Qe3 Rd5
28. Kg2 Na5 29. Rxe7+ Kxe7 30. Qe4 Bxf3+ 31. Kxf3 g4+ 32. Kg2 h4 33. Qxd5 h3+
34. Kf1 Rg5 35. c6+ Ke8 36. Qd7# 1-0

[Event "10. Lichtenberger Sommer"]
[Site "Berlin"]
[Date "2011.08.14"]
[Round "2.112"]
[White "Herzsprung, Johanna"]
[Black "Kretzschmar, Jan"]
[Result "0-1"]
[WhiteElo "1148"]
[BlackElo "1807"]
[PlyCount "66"]
[EventDate "2011.??.??"]
[WhiteTeam "BSC Rehberge 1945 e.V."]
[BlackTeam "SC Kreuzberg e.V."]

1. e4 c5 2. Nf3 d6 3. Nc3 e6 4. d3 Be7 5. Be2 a6 6. O-O Nf6 7. Re1 Nc6 8. Be3
O-O 9. h3 b5 10. a3 Bb7 11. Qd2 Qc7 12. Bf4 Rad8 13. Bd1 Qb8 14. e5 dxe5 15.
Nxe5 Bd6 16. Qe2 Nd4 17. Qe3 Qa8 18. Ne4 Nd5 19. Qg3 Nxf4 20. Nxd6 Nxh3+ 21.
Qxh3 Rxd6 22. c3 Nf5 23. Bc2 g6 24. Ng4 h5 25. Nf6+ Kg7 26. Nxh5+ gxh5 27. Qxh5
Rg8 28. g4 Kf8 29. d4 Bf3 30. Bxf5 exf5 31. Qh2 Rxg4+ 32. Kf1 Bg2+ 33. Kg1 Bh3+
0-1

[Event "10. Lichtenberger Sommer"]
[Site "Berlin"]
[Date "2011.08.14"]
[Round "3.21"]
[White "Axmann, Steffen"]
[Black "Heuser, Philip"]
[Result "0-1"]
[WhiteElo "1893"]
[BlackElo "2146"]
[PlyCount "83"]
[EventDate "2011.??.??"]
[WhiteTeam "Sfr.Nord-Ost Berlin"]
[BlackTeam "SG Heidelberg-Kirchheim"]

1. e4 d5 2. exd5 Nf6 3. Nc3 Nxd5 4. Nxd5 Qxd5 5. d4 Nc6 6. Be3 e5 7. dxe5 Qxe5
8. Nf3 Qxb2 9. Bd3 Bb4+ 10. Kf1 Bg4 11. Qb1 Qf6 12. Be4 O-O 13. a4 Rfe8 14.
Bxc6 bxc6 15. Bd4 Qd6 16. Qb2 Rad8 17. c3 c5 18. cxb4 cxd4 19. Rd1 d3 20. Rd2
Bxf3 21. gxf3 Qc6 22. Rg1 g6 23. Rg3 Qxa4 24. f4 Qc6 25. f3 Qe6 26. Qc1 Qd6 27.
Qc4 Qe6 28. Qc1 Qe3 29. f5 Rd4 30. fxg6 hxg6 31. Qd1 Red8 32. b5 R8d5 33. Rg4
Rxg4 34. fxg4 Rd4 35. Kg2 Qe4+ 36. Kg3 Qe5+ 37. Kh3 Qxb5 38. Qf3 Qd5 39. Qf6
Qd6 40. Qf3 Qd5 41. Qf6 Qd7 42. Qf3 0-1

[Event "10. Lichtenberger Sommer"]
[Site "Berlin"]
[Date "2011.08.14"]
[Round "3.22"]
[White "Noetzel, Felix"]
[Black "Gretzer, Marcus"]
[Result "1-0"]
[WhiteElo "2090"]
[BlackElo "1748"]
[PlyCount "71"]
[EventDate "2011.??.??"]
[WhiteTeam "SC Borussia Friedrichsfelde 1920"]
[BlackTeam "SC Kitzingen von 1905"]

1. e4 c5 2. d4 cxd4 3. c3 d3 4. Bxd3 Nc6 5. Nf3 d6 6. h3 g6 7. O-O Bg7 8. Qe2
e6 9. Bf4 Nge7 10. Rd1 e5 11. Be3 O-O 12. Nbd2 f5 13. Bc4+ Kh8 14. Bg5 h6 15.
Bh4 Na5 16. Bd5 Bf6 17. Bxf6+ Rxf6 18. b4 Nac6 19. Bb3 Be6 20. exf5 Bxb3 21.
axb3 Nxf5 22. b5 Nce7 23. Ne4 Re6 24. g4 Ng7 25. Qd2 Kh7 26. Nxe5 Qf8 27. Nd7
Qf3 28. Ng3 Rc8 29. c4 Rc7 30. b6 axb6 31. Nxb6 Nc6 32. Qd5 Qf4 33. Ra8 Rf7 34.
Qd2 Qf3 35. h4 Qxg4 36. Qxh6+ 1-0

[Event "10. Lichtenberger Sommer"]
[Site "Berlin"]
[Date "2011.08.14"]
[Round "3.23"]
[White "Rietze, Clemens"]
[Black "Burger, Heinrich"]
[Result "1-0"]
[WhiteElo "2310"]
[BlackElo "2166"]
[PlyCount "61"]
[EventDate "2011.??.??"]
[WhiteTeam "USV Potsdam e.V., Abt. Schach"]
[BlackTeam "VfB Hermsdorf e.V."]

1. e4 c5 2. Nf3 Nc6 3. d4 cxd4 4. Nxd4 Nf6 5. Nc3 e6 6. Nxc6 bxc6 7. e5 Nd5 8.
Ne4 Bb7 9. Be2 c5 10. O-O Be7 11. c4 Ne3 12. Bxe3 Bxe4 13. Bf3 Bxf3 14. Qxf3
O-O 15. Rfd1 Qc7 16. Qg3 Kh8 17. Rd3 Qc6 18. b3 Rad8 19. Rad1 f6 20. Bf4 Rf7
21. h4 fxe5 22. Bxe5 d5 23. h5 Bf6 24. Bxf6 gxf6 25. Qf3 Rg8 26. cxd5 exd5 27.
Qxd5 Qe8 28. h6 Re7 29. Qf5 Re1+ 30. Rxe1 Qxe1+ 31. Kh2 1-0

[Event "10. Lichtenberger Sommer"]
[Site "Berlin"]
[Date "2011.08.14"]
[Round "3.24"]
[White "Pappenheim, Rainer"]
[Black "Kapp, Martin"]
[Result "1/2-1/2"]
[WhiteElo "2081"]
[BlackElo "2209"]
[PlyCount "144"]
[EventDate "2011.??.??"]
[WhiteTeam "SC Starnberg"]
[BlackTeam "TSV IFA Chemnitz"]

1. e4 e6 2. d4 d5 3. Nd2 Nf6 4. e5 Nfd7 5. Bd3 c5 6. c3 Nc6 7. Ne2 cxd4 8. cxd4
f6 9. exf6 Nxf6 10. Nf3 Bd6 11. O-O O-O 12. Bf4 Bxf4 13. Nxf4 Ne4 14. Qc1 Qd6
15. Ne2 Bd7 16. Qe3 Nb4 17. Bxe4 dxe4 18. Ng5 Nd5 19. Qxe4 Rf5 20. Qh4 Nf6 21.
Ne4 Nxe4 22. Qxe4 Bc6 23. Qe3 Raf8 24. f3 a5 25. Ng3 Rb5 26. Rf2 a4 27. Re1 Bd5
28. Ne4 Qb6 29. Nc3 Rb4 30. a3 Rc4 31. Rd2 Qc6 32. Kf2 Rf6 33. Nxd5 Qxd5 34.
Qe5 Qd7 35. Ree2 Qc6 36. Re3 Kf7 37. d5 exd5 38. Qxd5+ Qxd5 39. Rxd5 Rc2+ 40.
Re2 Rxe2+ 41. Kxe2 Rg6 42. g3 Rb6 43. Rd2 Rb3 44. f4 Kf6 45. Kd1 g5 46. fxg5+
Kxg5 47. Kc2 b5 48. Rd5+ Kg4 49. Rd4+ Kg5 50. Rd3 Rxd3 51. Kxd3 Kg4 52. Kd4 Kh3
53. Kc5 Kxh2 54. Kxb5 Kxg3 55. Kxa4 h5 56. b4 h4 57. b5 h3 58. b6 h2 59. b7
h1=Q 60. b8=Q+ Kf2 61. Qb2+ Kg3 62. Qc3+ Kf2 63. Kb3 Qb7+ 64. Ka2 Qa8 65. Qc2+
Ke3 66. a4 Kd4 67. Qb2+ Kc4 68. Qb3+ Kc5 69. Qb5+ Kd6 70. Ka3 Qf3+ 71. Kb4 Qe4+
72. Ka5 Qa8+ 1/2-1/2

[Event "10. Lichtenberger Sommer"]
[Site "Berlin"]
[Date "2011.08.14"]
[Round "3.26"]
[White "Hein, Carsten"]
[Black "Perestjuk, Marko"]
[Result "1-0"]
[WhiteElo "2182"]
[BlackElo "1964"]
[PlyCount "95"]
[EventDate "2011.??.??"]
[WhiteTeam "Potsdamer SV Mitte e.V."]
[BlackTeam "SC Zitadelle Spandau 1977 e.V."]

1. e4 c5 2. Nf3 d6 3. c3 Nf6 4. Be2 g6 5. O-O Bg7 6. d3 O-O 7. Nbd2 Nbd7 8. Re1
a6 9. a4 b6 10. Bf1 Bb7 11. Qb3 Qc7 12. Nc4 d5 13. exd5 Bxd5 14. Rxe7 Rfe8 15.
Rxe8+ Rxe8 16. Qd1 Ng4 17. g3 b5 18. axb5 axb5 19. Bf4 Qc6 20. Ncd2 Nge5 21.
Bxe5 Nxe5 22. Nxe5 Bxe5 23. Rc1 c4 24. dxc4 bxc4 25. Ra1 Bd6 26. Qa4 Qxa4 27.
Rxa4 Re1 28. Nxc4 Bc5 29. Ne3 Bf3 30. b4 Be7 31. Ra2 Kg7 32. h4 Be4 33. Kh2 Rc1
34. Bg2 Bxg2 35. Kxg2 Bf6 36. c4 Bd4 37. Nc2 Be5 38. c5 Kf6 39. b5 Ke6 40. c6
Kd6 41. Nb4 Rb1 42. Na6 Rc1 43. Rd2+ Ke6 44. Re2 Kd5 45. Rxe5+ Kxe5 46. c7 Kd6
47. b6 Kd7 48. b7 1-0

[Event "10. Lichtenberger Sommer"]
[Site "Berlin"]
[Date "2011.08.14"]
[Round "3.27"]
[White "Kuehnemund, Lutz"]
[Black "Rohde, Wolfgang"]
[Result "0-1"]
[WhiteElo "2081"]
[BlackElo "2176"]
[PlyCount "68"]
[EventDate "2011.??.??"]
[WhiteTeam "SC Friesen Lichtenberg e.V."]
[BlackTeam "SC Friesen Lichtenberg e.V."]

1. b4 d5 2. Bb2 Nf6 3. e3 Bg4 4. Nf3 e6 5. b5 c6 6. c4 Bd6 7. h3 Bxf3 8. Qxf3
Nbd7 9. Bxf6 Nxf6 10. Nc3 Be5 11. Rc1 O-O 12. cxd5 cxd5 13. Bd3 Rc8 14. O-O Qa5
15. g4 Bxc3 16. dxc3 Rxc3 17. g5 Nd7 18. Rxc3 Qxc3 19. Bb1 Qe5 20. h4 Rc8 21.
Kg2 Nf8 22. Bd3 Ng6 23. Kh3 Qc3 24. Bxg6 hxg6 25. h5 gxh5 26. Qxh5 Qd3 27. Kg2
Qe4+ 28. Kg3 Qe5+ 29. Kg4 g6 30. Qh6 Rc4+ 31. f4 Qxe3 32. Rf3 Qg1+ 33. Rg3 Qd1+
34. Rf3 Rc3 0-1

[Event "10. Lichtenberger Sommer"]
[Site "Berlin"]
[Date "2011.08.14"]
[Round "3.28"]
[White "Kapp, Stefan"]
[Black "Cusnariov, Nikolai"]
[Result "0-1"]
[WhiteElo "1991"]
[BlackElo "2143"]
[PlyCount "92"]
[EventDate "2011.??.??"]
[WhiteTeam "TSV IFA Chemnitz"]
[BlackTeam "USV Potsdam e.V., Abt. Schach"]

1. d4 Nf6 2. c4 e6 3. Nc3 d5 4. Bg5 Be7 5. e3 O-O 6. Nf3 h6 7. Bxf6 Bxf6 8.
cxd5 exd5 9. Be2 b6 10. O-O Bb7 11. b4 c6 12. Qb3 Qd6 13. a4 Nd7 14. Rad1 a5
15. b5 c5 16. Qa3 Qe6 17. dxc5 bxc5 18. Qb3 Nb6 19. Rc1 Rfe8 20. Rfd1 Rad8 21.
Bf1 Qg4 22. h3 Qb4 23. Qc2 d4 24. Na2 Qxa4 25. Qxa4 Nxa4 26. exd4 Bxf3 27. gxf3
Bxd4 28. Re1 Kf8 29. Kg2 Nb6 30. Rxe8+ Kxe8 31. Nc3 a4 32. Nb1 Rd5 33. Bc4 Re5
34. Rc2 Re1 35. Nd2 f6 36. f4 Kd7 37. Bd3 a3 38. Nc4 Nxc4 39. Bxc4 Kc7 40. Kf3
Rh1 41. Ke4 Rxh3 42. Kd5 Rh5+ 43. Ke6 Rh2 44. Kf7 Rxf2 45. Rxf2 Bxf2 46. Kg6
Bd4 0-1

[Event "10. Lichtenberger Sommer"]
[Site "Berlin"]
[Date "2011.08.14"]
[Round "3.29"]
[White "Guenther, Thomas"]
[Black "Mayer, Herbert"]
[Result "1/2-1/2"]
[WhiteElo "2132"]
[BlackElo "1948"]
[PlyCount "66"]
[EventDate "2011.??.??"]
[WhiteTeam "SV Senat (FV Schach)"]
[BlackTeam "SC Rochade e.V."]

1. d4 d5 2. c4 dxc4 3. e3 Nf6 4. Bxc4 g6 5. Nf3 Bg7 6. Nc3 O-O 7. b4 Nfd7 8.
Qb3 Nb6 9. Be2 a5 10. b5 Be6 11. Qc2 c6 12. O-O cxb5 13. Nxb5 Na6 14. a3 Rc8
15. Qd1 Bc4 16. Rb1 Bxe2 17. Qxe2 Nb8 18. Na7 Rc4 19. Bd2 Ra4 20. Rb3 N8d7 21.
Rc1 Qb8 22. Nb5 e5 23. dxe5 Bxe5 24. Nxe5 Qxe5 25. Bc3 Qe6 26. Rbb1 Nd5 27. Bd4
N7b6 28. Qd3 Rc8 29. Rxc8+ Qxc8 30. Qd1 Qd7 31. e4 Nc7 32. Bxb6 Qxd1+ 33. Rxd1
Nxb5 1/2-1/2

[Event "10. Lichtenberger Sommer"]
[Site "Berlin"]
[Date "2011.08.14"]
[Round "3.30"]
[White "Lagunow, Alexander"]
[Black "Bandlow, Reinhard"]
[Result "1-0"]
[WhiteElo "2434"]
[BlackElo "2018"]
[PlyCount "47"]
[EventDate "2011.??.??"]
[WhiteTeam "TuS Makkabi Berlin e.V."]
[BlackTeam "SV Bau-Union e.V."]

1. e4 c6 2. d4 d5 3. exd5 cxd5 4. c4 Nf6 5. Nc3 g6 6. Qb3 Bg7 7. cxd5 O-O 8.
Be2 Na6 9. Bf3 Qb6 10. Qxb6 axb6 11. Nge2 Nb4 12. O-O Rd8 13. d6 Rxd6 14. Bf4
Rd7 15. Rfd1 Nfd5 16. Bg3 e6 17. Nb5 Rxa2 18. Rxa2 Nxa2 19. Nd6 Rc7 20. Bxd5
exd5 21. Ra1 Rc2 22. Rxa2 Rxe2 23. Kf1 Rc2 24. Ra8 1-0

[Event "10. Lichtenberger Sommer"]
[Site "Berlin"]
[Date "2011.08.14"]
[Round "3.31"]
[White "Schreyer, Erik"]
[Black "Baumbach, Friedrich"]
[Result "1/2-1/2"]
[WhiteElo "1831"]
[BlackElo "2275"]
[PlyCount "38"]
[EventDate "2011.??.??"]
[WhiteTeam "Schachverein 1949 Herzogenrath"]
[BlackTeam "SC Friesen Lichtenberg e.V."]

1. e4 c5 2. c3 g6 3. d4 cxd4 4. cxd4 d5 5. e5 Nc6 6. Nf3 Bg7 7. Nc3 Nh6 8. h3
O-O 9. Bb5 a6 10. Bxc6 bxc6 11. O-O f6 12. Re1 Nf7 13. Qa4 Qb6 14. e6 Nd8 15.
Qa3 Ra7 16. Na4 Qb5 17. Nc5 Re8 18. Bf4 Nb7 19. Rac1 Nd6 1/2-1/2

[Event "10. Lichtenberger Sommer"]
[Site "Berlin"]
[Date "2011.08.14"]
[Round "3.32"]
[White "Hahne, Carsten"]
[Black "Skibbe, Willi"]
[Result "0-1"]
[WhiteElo "1818"]
[BlackElo "2213"]
[PlyCount "68"]
[EventDate "2011.??.??"]
[WhiteTeam "vereinslos"]
[BlackTeam "SSC Rostock 07"]

1. d4 d5 2. c4 Nc6 3. Nf3 Bg4 4. e3 e6 5. cxd5 exd5 6. Nc3 Nf6 7. Qb3 Bd6 8.
Bd2 O-O 9. Nxd5 Re8 10. Nxf6+ Qxf6 11. Be2 Rad8 12. O-O-O a5 13. h3 Bh5 14. Bc3
Bb4 15. Rhe1 a4 16. Qxa4 Ra8 17. Qb3 Bxc3 18. bxc3 Qd6 19. Ne5 Ra3 20. Qc4 Nxe5
21. dxe5 Qxe5 22. Kb2 b5 23. Qd4 Qe6 24. Qd5 Qf6 25. Qd4 Qa6 26. Bxh5 Rxa2+ 27.
Kb1 g6 28. Bf3 Qa3 29. Qb4 Ra1+ 30. Kc2 Qa2+ 31. Kd3 Rd8+ 32. Ke4 Qc2+ 33. Kf4
Rdxd1 34. Qxb5 Qa4+ 0-1

[Event "10. Lichtenberger Sommer"]
[Site "Berlin"]
[Date "2011.08.14"]
[Round "3.33"]
[White "Groß, Thorsten"]
[Black "Walter, Günter"]
[Result "1/2-1/2"]
[WhiteElo "2150"]
[BlackElo "1990"]
[PlyCount "80"]
[EventDate "2011.??.??"]
[WhiteTeam "SC Weisse Dame e.V."]
[BlackTeam "TSG Oberschöneweide e.V."]

1. e4 e5 2. Nf3 Nc6 3. Bb5 a6 4. Ba4 Nf6 5. d4 Nxd4 6. Nxd4 exd4 7. e5 Ne4 8.
Qxd4 Nc5 9. Bb3 Nxb3 10. axb3 d6 11. O-O c5 12. Qf4 dxe5 13. Qxe5+ Qe7 14. Qc3
Be6 15. Bf4 Qf6 16. Qxf6 gxf6 17. Nc3 f5 18. Be5 Rg8 19. Na4 Be7 20. Nb6 Rd8
21. Rad1 Rg4 22. f4 Rg6 23. c4 Rxd1 24. Rxd1 Bd8 25. Na4 b5 26. Nxc5 Bb6 27.
Bd4 bxc4 28. Nxe6 Rxe6 29. bxc4 Bxd4+ 30. Rxd4 Rb6 31. Rd2 Rb4 32. Rc2 Kd7 33.
Kf2 Kc6 34. Ke3 Kc5 35. Kd3 Rb3+ 36. Kd2 a5 37. g3 a4 38. Ke2 Rb4 39. Kd3 Rb3+
40. Kd2 Rb4 1/2-1/2

[Event "10. Lichtenberger Sommer"]
[Site "Berlin"]
[Date "2011.08.14"]
[Round "3.34"]
[White "Schreyer, Oliver"]
[Black "Kapp, Frank"]
[Result "1-0"]
[WhiteElo "2130"]
[BlackElo "1894"]
[PlyCount "87"]
[EventDate "2011.??.??"]
[WhiteTeam "Schachverein 1949 Herzogenrath"]
[BlackTeam "TSV IFA Chemnitz"]

1. Nf3 e6 2. d4 d5 3. e3 Nf6 4. Bd3 c5 5. c3 Be7 6. Nbd2 O-O 7. O-O b6 8. Qe2
Bb7 9. e4 dxe4 10. Nxe4 Bxe4 11. Bxe4 Nxe4 12. Qxe4 Nd7 13. Bf4 Nf6 14. Qe2
cxd4 15. Rfd1 Nd5 16. Rxd4 Nxf4 17. Rxf4 Qc7 18. Rc4 Qb7 19. Rd1 Rad8 20. Rcd4
h6 21. Qb5 Rxd4 22. Rxd4 Bf6 23. Rd7 Qe4 24. Nd2 Qe1+ 25. Nf1 Qb1 26. a4 Rb8
27. Rxa7 Rd8 28. Qxb6 Rd2 29. Rb7 Rd1 30. Qb5 Bxc3 31. Rb8+ Kh7 32. bxc3 Rxf1+
33. Qxf1 Qxb8 34. a5 Qe5 35. Qa1 Qc5 36. a6 Qa7 37. Qb1+ f5 38. Qb7 Qc5 39. a7
Qxc3 40. g3 f4 41. a8=Q fxg3 42. Qe4+ g6 43. Qa7+ Kh8 44. Qea8+ 1-0

[Event "10. Lichtenberger Sommer"]
[Site "Berlin"]
[Date "2011.08.14"]
[Round "3.35"]
[White "Arnold, Rouven"]
[Black "Benninger, Rudolf"]
[Result "1-0"]
[WhiteElo "1799"]
[BlackElo "2154"]
[PlyCount "57"]
[EventDate "2011.??.??"]
[WhiteTeam "Schachverein Grünfeld e.V."]
[BlackTeam "SC Heusenstamm"]

1. e4 g6 2. d4 Bg7 3. Nc3 c6 4. Nf3 d5 5. h3 Nh6 6. Bf4 O-O 7. Qd2 dxe4 8. Nxe4
Nf5 9. c3 Nd7 10. Bd3 Nf6 11. Nxf6+ Bxf6 12. Ne5 Qd5 13. f3 Bh4+ 14. Kd1 Ng3
15. Qe1 Nf5 16. g3 Bf6 17. Bc4 Qd8 18. Qd2 Qb6 19. g4 Nd6 20. Bd3 Be6 21. h4
Rad8 22. h5 g5 23. Bxg5 Bxe5 24. Bxe7 Nc4 25. Qg5+ Kh8 26. Bf6+ Bxf6 27. Qxf6+
Kg8 28. h6 Ne3+ 29. Ke2 1-0

[Event "10. Lichtenberger Sommer"]
[Site "Berlin"]
[Date "2011.08.14"]
[Round "3.36"]
[White "Zschaebitz, Klaus"]
[Black "Schlüter, Bernd"]
[Result "1-0"]
[WhiteElo "2088"]
[BlackElo "1987"]
[PlyCount "104"]
[EventDate "2011.??.??"]
[WhiteTeam "BSG 1827 Eckbauer e.V."]
[BlackTeam "SV Rochade Potsdam-West e.V."]

1. d4 Nf6 2. c4 g6 3. g3 Bg7 4. Bg2 d6 5. Nc3 O-O 6. Nf3 Nc6 7. O-O a6 8. Qd3
e5 9. dxe5 dxe5 10. Qxd8 Rxd8 11. Bg5 Re8 12. Rfd1 h6 13. Bxf6 Bxf6 14. Nd2 Be6
15. Nd5 Bd8 16. Ne4 Kg7 17. Nc5 Na5 18. b4 Nxc4 19. Nxb7 Rb8 20. Nxd8 Rexd8 21.
Nxc7 Rxd1+ 22. Rxd1 Rxb4 23. Nxe6+ fxe6 24. Be4 Kf6 25. Bd3 Nb2 26. Rd2 Nxd3
27. exd3 Rd4 28. f3 g5 29. g4 Ke7 30. Kf2 Kd6 31. Ke3 Kd5 32. a3 Rb4 33. Ra2
Rd4 34. Ra1 Kc5 35. Rc1+ Kd5 36. Rc8 Ra4 37. Rd8+ Kc5 38. Rh8 Rxa3 39. Rxh6 Kd5
40. Rh5 Ra2 41. Rxg5 Rxh2 42. d4 Kc4 43. Rxe5 Kb4 44. Rxe6 a5 45. Rb6+ Kc3 46.
Ra6 Kb4 47. g5 a4 48. f4 a3 49. f5 Rg2 50. g6 a2 51. Rxa2 Rxa2 52. g7 Rg2 1-0

[Event "10. Lichtenberger Sommer"]
[Site "Berlin"]
[Date "2011.08.14"]
[Round "3.37"]
[White "Pueschel, Werner"]
[Black "Bergmann, Jens"]
[Result "1-0"]
[WhiteElo "2163"]
[BlackElo "1952"]
[PlyCount "129"]
[EventDate "2011.??.??"]
[WhiteTeam "SG Lasker Steglitz-Wilmersdorf"]
[BlackTeam "SK Tempelhof 1931 e.V."]

1. a3 Nf6 2. g3 d5 3. Bg2 c5 4. Nf3 Nc6 5. d3 e6 6. O-O Be7 7. c3 O-O 8. Qc2
Qc7 9. Nbd2 Bd7 10. Re1 Rac8 11. e4 dxe4 12. dxe4 e5 13. Nc4 Be6 14. Ne3 Na5
15. c4 b5 16. b3 bxc4 17. bxc4 Nd7 18. Bd2 Rb8 19. Rab1 Nc6 20. Nd5 Qc8 21.
Rxb8 Qxb8 22. Rb1 Qd6 23. Qa4 Bd8 24. Bg5 f6 25. Be3 Nb6 26. Qb5 Nd7 27. Ne1
Bb6 28. Qxc6 Qxc6 29. Ne7+ Kf7 30. Nxc6 Rc8 31. Nxa7 Bxa7 32. Rb7 Ra8 33. f4
Ke8 34. Bf1 Bb6 35. Bc1 Kd8 36. fxe5 fxe5 37. Nd3 Kc8 38. Rxb6 Nxb6 39. Nxe5
Ra4 40. Be3 Rxa3 41. Bxc5 Rb3 42. Bd4 Kc7 43. c5 Nd7 44. Nxd7 Kxd7 45. Bxg7 Kc6
46. Bf8 Rb1 47. Kf2 Rb2+ 48. Ke3 Rxh2 49. Be2 h5 50. Be7 Kd7 51. Bd6 h4 52.
Bb5+ Kd8 53. c6 hxg3 54. c7+ Kc8 55. Ba6+ Kd7 56. c8=Q+ Kxd6 57. Qf8+ Kc6 58.
Qe8+ Kd6 59. Qd8+ Kc6 60. e5 Bd7 61. Bb5+ Kc5 62. Qxd7 g2 63. Kf2 Rh5 64. Qd6+
Kxb5 65. Kxg2 1-0

[Event "10. Lichtenberger Sommer"]
[Site "Berlin"]
[Date "2011.08.14"]
[Round "3.38"]
[White "Pouydesseau, Mathieu"]
[Black "Albrecht, Rainer"]
[Result "0-1"]
[WhiteElo "1774"]
[BlackElo "2125"]
[PlyCount "76"]
[EventDate "2011.??.??"]
[WhiteTeam "SV Berlin-Friedrichstadt"]
[BlackTeam "SC Kreuzberg e.V."]

1. Nf3 e6 2. b3 f5 3. Bb2 Nf6 4. Nc3 b6 5. e3 Bb7 6. Bb5 Be7 7. Qe2 O-O 8.
O-O-O a6 9. Bd3 d5 10. h3 c5 11. g4 Ne4 12. gxf5 exf5 13. Ne5 Nd7 14. Nxd7 Qxd7
15. Rdg1 Bf6 16. Na4 Qc7 17. Bxe4 fxe4 18. Nc3 Rad8 19. Rg4 Rd7 20. h4 b5 21.
Rhg1 Rff7 22. Kb1 Qd8 23. h5 h6 24. Nd1 Rd6 25. Bxf6 Rdxf6 26. Rg6 Bc8 27. Kb2
Bf5 28. R6g3 d4 29. d3 exd3 30. cxd3 dxe3 31. Rxe3 Qd4+ 32. Kb1 c4 33. Rgg3
Bxd3+ 34. Rxd3 cxd3 35. Rxd3 Re7 36. Rxd4 Rxe2 37. f4 Rh2 38. Rd8+ Kh7 0-1

[Event "10. Lichtenberger Sommer"]
[Site "Berlin"]
[Date "2011.08.14"]
[Round "3.40"]
[White "Stucki, Ramon"]
[Black "Schueler, Wolfgang"]
[Result "1-0"]
[WhiteElo "1964"]
[BlackElo "1939"]
[PlyCount "69"]
[EventDate "2011.??.??"]
[WhiteTeam "Thun SK"]
[BlackTeam "SC Friesen Lichtenberg e.V."]

1. e4 e5 2. Nf3 Nc6 3. Bb5 a6 4. Ba4 Nf6 5. O-O Be7 6. Re1 b5 7. Bb3 O-O 8. h3
d6 9. c3 Na5 10. Bc2 c5 11. d4 Qc7 12. Nbd2 cxd4 13. cxd4 Re8 14. Nf1 exd4 15.
Nxd4 Nc4 16. b3 Ne5 17. Bb2 Bd7 18. Rc1 Qb7 19. Ng3 g6 20. f4 Nc6 21. e5 dxe5
22. fxe5 Nd5 23. e6 fxe6 24. Nxc6 Bxc6 25. Be4 Rad8 26. Qg4 Bf6 27. Bxd5 Bxb2
28. Bxc6 Qb6+ 29. Kh2 Bxc1 30. Bxe8 Be3 31. Bxg6 hxg6 32. Qxg6+ Kh8 33. Nh5
Qc7+ 34. Kh1 Bb6 35. Nf6 1-0